Pharmacotherapy : (Record no. 19115)
[ view plain ]
| 000 -LEADER | |
|---|---|
| fixed length control field | 00959cam a22003011a 4500 |
| 001 - CONTROL NUMBER | |
| control field | 016546860 |
| 003 - CONTROL NUMBER IDENTIFIER | |
| control field | OSt |
| 005 - DATE AND TIME OF LATEST TRANSACTION | |
| control field | 20201128021224.0 |
| 008 - FIXED-LENGTH DATA ELEMENTS--GENERAL INFORMATION | |
| fixed length control field | 131031t2014 nyua f bd 001 0 eng|d |
| 020 ## - INTERNATIONAL STANDARD BOOK NUMBER | |
| International Standard Book Number | 9780071800532 |
| 020 ## - INTERNATIONAL STANDARD BOOK NUMBER | |
| International Standard Book Number | 0071800530 |
| 040 ## - CATALOGING SOURCE | |
| Original cataloging agency | StDuBDS |
| Language of cataloging | eng |
| Transcribing agency | StDuBDS |
| Modifying agency | Uk |
| -- | Uk |
| Description conventions | EG-ScBUE |
| 082 00 - DEWEY DECIMAL CLASSIFICATION NUMBER | |
| Classification number | 615.58 |
| Item number | PHA |
| Edition number | 22 |
| 245 00 - TITLE STATEMENT | |
| Title | Pharmacotherapy : |
| Remainder of title | a pathophysiologic approach / |
| Statement of responsibility, etc | Joseph T. Dipiro ... [et al.] |
| 250 ## - EDITION STATEMENT | |
| Edition statement | 9th ed. |
| 260 ## - PUBLICATION, DISTRIBUTION, ETC. (IMPRINT) | |
| Place of publication, distribution, etc | New York : |
| Name of publisher, distributor, etc | McGraw-Hill Education, |
| Date of publication, distribution, etc | c.2014. |
| 300 ## - PHYSICAL DESCRIPTION | |
| Extent | xxxviii, 2586 p. : |
| Other physical details | ill. ; |
| Dimensions | 28 cm. |
| 500 ## - GENERAL NOTE | |
| General note | Includes index : p. 2496-2586.<br/> |
| 500 ## - GENERAL NOTE | |
| General note | Includes glossary : p.2466-2493. |
| 500 ## - GENERAL NOTE | |
| General note | Includes appendix. |
| 504 ## - BIBLIOGRAPHY, ETC. NOTE | |
| Bibliography, etc | Includes bibliographical references. |
| 650 #0 - SUBJECT ADDED ENTRY--TOPICAL TERM | |
| Topical term or geographic name as entry element | Chemotherapy. |
| 9 (RLIN) | 9757 |
| 650 #0 - SUBJECT ADDED ENTRY--TOPICAL TERM | |
| Topical term or geographic name as entry element | Physiology, Pathological. |
| 9 (RLIN) | 2182 |
| 653 ## - INDEX TERM--UNCONTROLLED | |
| Resource For college | Pharmacy |
| Arrived date list | March2015 |
| 655 ## - INDEX TERM--GENRE/FORM | |
| Form subdivision | |
| -- | 33728 |
| 700 1# - ADDED ENTRY--PERSONAL NAME | |
| Personal name | DiPiro, Joseph T. |
| 9 (RLIN) | 36680 |
| 942 ## - ADDED ENTRY ELEMENTS (KOHA) | |
| Source of classification or shelving scheme | Dewey Decimal Classification |
| Call number prefix | 615.58 PHA |
| Withdrawn status | Item status | Source of classification or shelving scheme | Damaged status | Not for loan | Vendor | Home library | Current library | Shelving location | Date acquired | Total Checkouts | Total Renewals | Full call number | Barcode | Date last seen | Date last borrowed | Koha item type | Source of acquisition | Materials specified (bound volume or other part) | Checked out |
|---|---|---|---|---|---|---|---|---|---|---|---|---|---|---|---|---|---|---|---|
| Dewey Decimal Classification | Baccah | Central Library | Central Library | First floor | 24/03/2015 | 1 | 1 | 615.58 PHA | 000037777 | 13/04/2025 | 18/09/2018 | Book - Borrowing | |||||||
| Dewey Decimal Classification | Baccah | Central Library | Central Library | First floor | 24/03/2015 | 1 | 10 | 615.58 PHA | 000037778 | 16/03/2026 | 22/09/2016 | Book - Borrowing | |||||||
| Dewey Decimal Classification | Baccah | Central Library | Central Library | First floor | 24/03/2015 | 1 | 615.58 PHA | 000037779 | 15/07/2025 | 03/12/2018 | Book - Borrowing | ||||||||
| Dewey Decimal Classification | Baccah | Central Library | Central Library | First floor | 24/03/2015 | 615.58 PHA | 000037780 | 15/07/2025 | Book - Borrowing | ||||||||||
| Lost | Dewey Decimal Classification | Baccah | Central Library | Central Library | First floor | 24/03/2015 | 3 | 6 | 615.58 PHA | 000037781 | 24/08/2022 | 07/11/2018 | Book - Borrowing | Lost_In_Inventory_12-2-2024 | |||||
| Dewey Decimal Classification | Baccah | Central Library | Central Library | First floor | 24/03/2015 | 1 | 1 | 615.58 PHA | 000037782 | 15/07/2025 | 03/06/2019 | Book - Borrowing | |||||||
| Dewey Decimal Classification | Baccah | Central Library | Central Library | First floor | 24/03/2015 | 615.58 PHA | 000037783 | 15/07/2025 | Book - Borrowing | ||||||||||
| Dewey Decimal Classification | Baccah | Central Library | Central Library | First floor | 24/03/2015 | 1 | 9 | 615.58 PHA | 000037784 | 15/07/2025 | 18/02/2016 | Book - Borrowing | |||||||
| Dewey Decimal Classification | Baccah | Central Library | Central Library | First floor | 24/03/2015 | 1 | 2 | 615.58 PHA | 000037785 | 27/06/2016 | 27/06/2016 | Book - Borrowing | 14/03/2020 | ||||||
| Dewey Decimal Classification | Baccah | Central Library | Central Library | First floor | 24/03/2015 | 1 | 615.58 PHA | 000037786 | 15/07/2025 | 09/01/2018 | NB - Book (Non borrowing) |